Army Rank Abbreviations - Statistics

General Stats
  • This quiz has been taken 87 times
  • The average score is 7 of 8
Answer Stats
Hint Answer % Correct
General Gen.
96%
Lieutenant Lt.
96%
Colonel Col.
95%
Private Pvt.
95%
Major Maj.
93%
Captain Cpt.
92%
Sergeant Sgt.
92%
Corporal Cpl.
90%
No matching quizzes found
Score Distribution
Percent of People with Each Score
Percentile by Number Answered
Your Score History
You have not taken this quiz